| 000 | 02437nam1a22003251i 4500 | ||
|---|---|---|---|
| 001 | v19\rc\1532561 | ||
| 005 | 20240921135509.0 | ||
| 035 | _a(NLR Aleph) 004652226 | ||
| 090 |
_a3437657 _c3437657 |
||
| 100 | _a20060620g18871914|||y0rusy50 ca | ||
| 101 | 0 | _arus | |
| 102 | _aRU | ||
| 105 | _a z ||||| | ||
| 200 | 1 | _aМедико-хозяйственный отчет Саратовской губернской земской психиатрической лечебницы... | |
| 210 |
_aСаратов _d1887-1914 |
||
| 215 | _d22-25 | ||
| 300 | _aСост. отчетов: за 1888-1889, 1891 гг. - д-р С. Штейнберг; за 1906-1908-1909 гг. - дир. Лечебницы В.А. Муратов; за 1910-1911, 1913 гг. - дир. Лечебницы В.И. Руднев | ||
| 300 | _aЗагл. отчетов: за 1892-1893 гг. - Медико-хозяйственный отчет по Саратовской губернской земской психиатрической лечебнице и ее Филиальному отделению; за 1901 г. - Отчет Психиатрической лечебницы Саратовского губернского земства; за 1913 г. - Отчет о состоянии Психиатрической лечебницы; за ряд лет незначит. изменено | ||
| 517 | 0 | _aМедико-хозяйственный отчет по Саратовской губернской земской психиатрической лечебнице и ее Филиальному отделению | |
| 517 | 0 | _aОтчет Психиатрической лечебницы Саратовского губернского земства | |
| 517 | 0 | _aОтчет о состоянии Психиатрической лечебницы | |
| 702 | 1 |
_aШтейнберг _bС.И. _f1835- _gСамуил Иванович _4220 |
|
| 702 | 1 |
_aМуратов _bВ.А. _f1865-1916 _gВладимир Александрович _4220 |
|
| 702 | 1 |
_4220 _aРуднев _bВ. И. _cд-р мед. наук _f1870-1951 _gВладимир Иванович _9138976 _3RU\NLR\AUTH\770139011 |
|
| 710 | 0 | 2 | _aСаратовская губ. земская психиатрическая лечебница |
| 801 | 0 |
_aRU _bNLR _gpsbo |
|
| 801 | 1 |
_aRU _bProSoft-M _2rusmarc |
|
| 852 |
_aNLR _bЗем _j36/О23 |
||
| 852 |
_aNLR _j+Шифры разные |
||
| 942 | _cBOOK | ||